Today is the day you change your life
| Main Author: | |
|---|---|
| Format: | Book |
| Published: |
Harlow, UK :
Prentice Hall Life ,
2011
|
| Subjects: |
MARC
| LEADER | 00000cam a2200000 7i4500 | ||
|---|---|---|---|
| 001 | 0000004004 | ||
| 005 | 20131023.0 | ||
| 020 | 0 | 0 | |a 9780273750406 |
| 090 | 0 | 0 | |a 158 |b ELAI 2011 |
| 100 | 1 | 0 | |a Harrison, Elaine |
| 245 | 1 | 4 | |a Today is the day you change your life |c Elaine Harrison |
| 260 | 0 | 0 | |a Harlow, UK : |b Prentice Hall Life , |c 2011 |
| 300 | |a 158 p. ; |c 22cm. | ||
| 650 | 0 | 0 | |a Change (Psychology) |
| 650 | 0 | 0 | |a Self-realization |
| 998 | |a JPSM | ||
| 999 | |a 007819 |b Monograph |c Open Shelf |e Default branch | ||